01374cam a2200325 i 450000100090000000300090000900500170001800800410003502000240007604000330010008200230013310000370015624500890019324600190028225000200030126400640032126400100038530000450039533600260044033700280046633800270049450400520052165000330057365300330060665500240063994200120066399900170067595201840069295201720087618143392EG-ScBUE20260512084256.0140507t2014 enka f b f001 0 eng d a9780199651566 (pbk) aDLCbengerdacDLCdEG-ScBUE04a572.80285222bLES1 aLesk, Arthur M.,eauthor.93291010aIntroduction to bioinformatics /cArthur M. Lesk, The Pennsylvania State University.30aBioinformatics aFourth edition. 1aOxford, United Kingdom : bOxford University Press,c[2014] 4cc2014 axvi, 371 pages :billustrations ;c27 cm 2rdacontentatextbtxt aunmediated2rdamediabn avolumebnc2rdacarrier aIncludes bibliographical references and index.  7aBioinformatics.2BUEsh95545 bCOMSCIbENGCHEcNovember2014 vReading book934232 2ddccBB c18628d18600 00102ddc40708BaccahaMAINbMAINc1STd2014-11-17epurchaseg340.00h20677l2m11o572.80285 LESp000037010q2026-03-16r2025-02-19 00:00:00s2025-02-19v425.00w2014-11-17yBB 00102ddc40708BaccahaMAINbMAINc1STd2014-11-17epurchaseg340.00h20677l2m13o572.80285 LESp000037011r2025-07-15 00:00:00s2022-01-29v425.00w2014-11-17yBB